Formuła 1 - Klasyfikacja Końcowa Kierowców 2024 - Statystyki

Ogólne statystyki
  • Ten quiz został rozwiązany 340 razy
  • Średni wynik to 14 z 24
Statystyki odpowiedzi
M. PKT Kierowca % Poprawnych
1 437 Max Verstappen
99%
2 374 Lando Norris
93%
3 356 Charles Leclerc
84%
4 292 Oscar Piastri
78%
5 290 Carlos Sainz
75%
7 223 Lewis Hamilton
72%
6 245 George Russell
70%
8 152 Sergio Perez
68%
9 70 Fernando Alonso
64%
10 42 Pierre Gasly
58%
11 41 Nico Hulkenberg
54%
14 23 Esteban Ocon
51%
13 24 Lance Stroll
51%
12 30 Yuki Tsunoda
51%
15 16 Kevin Magnussen
49%
23 0 Logan Sargeant
46%
22 0 Valtteri Bottas
46%
17 12 Daniel Ricciardo
43%
16 12 Alexander Albon
42%
19 5 Franco Colapinto
42%
21 4 Liam Lawson
41%
20 4 Zhou Guanyu
40%
18 7 Oliver Bearman
39%
24 0 Jack Doohan
36%
Nie znaleziono quizów pasujących do podanych kryteriów
Rozkład punktacji
Procent ludzi z każdym wynikiem
Percentyl według liczby udzielonych odpowiedzi
Twoja historia wyników
Nie rozwiązałeś tego quizu